Central Library OPAC University of Rajshahi

The first part of the history of Henry IV / (Record no. 18757)

MARC details
000 -LEADER
fixed length control field 00893nam a2200253 a 4500
001 - CONTROL NUMBER
control field 18757
003 - CONTROL NUMBER IDENTIFIER
rucl marc code BD-RjUL
005 - DATE AND TIME OF LATEST TRANSACTION
control field 20211209000329.0
008 - FIXED-LENGTH DATA ELEMENTS--GENERAL INFORMATION
fixed length control field 140222r19581946enk 000 1 eng d
035 ## - SYSTEM CONTROL NUMBER
System control number (BD-RjUL)18815
040 ## - CATALOGING SOURCE
Original cataloging agency DLC
Language of cataloging eng
Transcribing agency DLC
Modifying agency BD-RjUL
041 ## - LANGUAGE CODE
Language code of text/sound track or separate title eng
082 04 - DEWEY DECIMAL CLASSIFICATION NUMBER
Classification number 822.4
Author mark and year SHF 1958
100 1# - MAIN ENTRY--PERSONAL NAME
Personal name Shakespeare, William,
Dates associated with a name 1564-1616.
9 (RLIN) 57832
245 14 - TITLE STATEMENT
Title The first part of the history of Henry IV /
Statement of responsibility, etc. William Shakespeare.
260 ## - PUBLICATION, DISTRIBUTION, ETC. (IMPRINT)
Place of publication, distribution, etc. Cambridge :
Name of publisher, distributor, etc. Cambridge University Press,
Date of publication, distribution, etc. 1958.
300 ## - PHYSICAL DESCRIPTION
Pagination xlvii, 210 p. :
Illustrations ill. ;
Size 18 cm.
490 1# - SERIES STATEMENT
Series statement The works of Shakespeare edited for the syndics of the Cambridge University Press by John Dover Wilson.
505 ## - FORMATTED CONTENTS NOTE
Formatted contents note part. 1.-- pt.2-- pt. 3--
600 ## - SUBJECT ADDED ENTRY--PERSONAL NAME
Personal name Henry -- IV
Titles and other words associated with a name King of England
Dates associated with a name 1367-1413
General subdivision Drama.
700 1# - ADDED ENTRY--PERSONAL NAME
Personal name Wilson, John Dover,
Dates associated with a name 1881-1969.
942 ## - ADDED ENTRY ELEMENTS (KOHA)
Source of classification or shelving scheme Dewey Decimal Classification
Koha item type Books
Holdings
Lost status Source of classification or shelving scheme Damaged status Not for loan Collection code Permanent Location Current Location Shelving location Date acquired Source of acquisition Cost, normal purchase price Total Checkouts Full call number Date last seen Copy number Koha item type
  Dewey Decimal Classification     Fiction Central Library, University of Rajshahi Central Library, University of Rajshahi   12/12/1962 Zeitlinger 0.00   822.4 SHF Pt-1 1958 22/02/2014 C-2 Books
  Dewey Decimal Classification     Non-fiction Central Library, University of Rajshahi Central Library, University of Rajshahi   13/04/1974 Alighar library, Dhaka 14.30   822.4 SHF 1960 19/11/2016 C-3 Books
  Dewey Decimal Classification   Not For Loan Non-fiction Central Library, University of Rajshahi Central Library, University of Rajshahi Reading Room 05/09/1968 Zeitlinger 6.00   822.4 SHF 1958 pt.-1 03/12/2020 C-1 Books
  Dewey Decimal Classification     Non-fiction Central Library, University of Rajshahi Central Library, University of Rajshahi   05/09/1968 Zeitlinger 6.00   822.4 SHF 1958 pt-1 03/12/2020 C-2 Books
  Dewey Decimal Classification     Non-fiction Central Library, University of Rajshahi Central Library, University of Rajshahi   05/09/1968 Zeitlinger 6.00   822.4 SHF 1958 pt-1 03/12/2020 C-3 Books
  Dewey Decimal Classification     Non-fiction Central Library, University of Rajshahi Central Library, University of Rajshahi   05/09/1968 Zeitlinger 6.00   822.4 SHF 1958 pt.-1 03/12/2020 C-4 Books
  Dewey Decimal Classification     Non-fiction Central Library, University of Rajshahi Central Library, University of Rajshahi   05/09/1968 Zeitlinger 6.00   822.4 SHF 1958 pt.-1 03/12/2020 C-5 Books
  Dewey Decimal Classification     Non-fiction Central Library, University of Rajshahi Central Library, University of Rajshahi   05/09/1968 Zeitlinger 6.00   822.4 SHF 1958 pt.1 03/12/2020 C-6 Books
  Dewey Decimal Classification     Non-fiction Central Library, University of Rajshahi Central Library, University of Rajshahi   05/09/1968 Zeitlinger 6.00   822.4 SHF 1958 pt.1 03/12/2020 C-7 Books
  Dewey Decimal Classification     Non-fiction Central Library, University of Rajshahi Central Library, University of Rajshahi   05/09/1968 Zeitlinger 6.00   822.4 SHF 1958 pt.-1 03/12/2020 C-8 Books
  Dewey Decimal Classification     Non-fiction Central Library, University of Rajshahi Central Library, University of Rajshahi   05/09/1968 Zeitlinger 6.00   822.4 SHF 1958 pt.-1 03/12/2020 C-9 Books
  Dewey Decimal Classification     Non-fiction Central Library, University of Rajshahi Central Library, University of Rajshahi   05/09/1968 Zeitlinger 6.00   822.4 SHF 1958 pt-2 06/12/2020 C-6 Books
  Dewey Decimal Classification     Non-fiction Central Library, University of Rajshahi Central Library, University of Rajshahi   05/09/1968 Zeitlinger 6.00   822.4 SHF 1958 pt-2 06/12/2020 C-7 Books